| 000 | 00617nam a2200241Ia 4500 | ||
|---|---|---|---|
| 003 | OSt | ||
| 005 | 20221007100351.0 | ||
| 006 | a|||||r|||| 00| 0 | ||
| 007 | ta | ||
| 008 | 221006b |||||||| |||| 00| 0 eng d | ||
| 024 | _a4,308 | ||
| 037 | _cTextual | ||
| 040 |
_aLCO _cLCO _beng |
||
| 041 |
_2eng _aeng |
||
| 082 | _aV1N4, L9 | ||
| 100 | _aLUARD Evan | ||
| 245 | 0 |
_aUnited Nations _b how it works and what it does |
|
| 260 |
_aLondon _bMacMillan Press _c1979 |
||
| 300 | _a187 | ||
| 650 | _aUNITED NATIONS | ||
| 942 |
_hV1N4, L9 _cTEXL |
||
| 999 |
_c1173871 _d1173871 |
||